<?xml version="1.0" encoding="UTF-8"?>
<record
    xmlns:xsi="http://www.w3.org/2001/XMLSchema-instance"
    xsi:schemaLocation="http://www.loc.gov/MARC21/slim http://www.loc.gov/standards/marcxml/schema/MARC21slim.xsd"
    xmlns="http://www.loc.gov/MARC21/slim">

  <leader>00479nam a2200145Ia 4500</leader>
  <controlfield tag="001">2977</controlfield>
  <controlfield tag="008">241024s9999    xx            000 0 und d</controlfield>
  <datafield tag="082" ind1=" " ind2=" ">
    <subfield code="a">RD/374.07/R426f/2012</subfield>
  </datafield>
  <datafield tag="100" ind1=" " ind2=" ">
    <subfield code="a">Rep&#xFA;blica Dominicana.Ministerio de Educaci&#xF3;n (MINERD).</subfield>
  </datafield>
  <datafield tag="245" ind1=" " ind2="0">
    <subfield code="a">Fundamentos de modelo educativo flexible para educaci&#xF2;n de personas j&#xF3;venes y adultas en la Rep&#xFA;blica Dominicana</subfield>
  </datafield>
  <datafield tag="260" ind1=" " ind2=" ">
    <subfield code="b">Santo Domingo</subfield>
    <subfield code="c">2012</subfield>
  </datafield>
  <datafield tag="590" ind1=" " ind2=" ">
    <subfield code="a">si</subfield>
  </datafield>
  <datafield tag="901" ind1=" " ind2=" ">
    <subfield code="a">9/7/2013 1:43:11 p.m.</subfield>
  </datafield>
  <datafield tag="999" ind1=" " ind2=" ">
    <subfield code="c">8494</subfield>
    <subfield code="d">8494</subfield>
  </datafield>
</record>
